00548nam a2200157 i 450000100060000000300090000600500170001500700030003200800410003510000300007624501360010626000500024230000210029250000510031385200260036427930ES-MaACL20230906153731.0t|030115s1905 sp ||||1| spa d1 aAznar Navarro, Francisco.10aRégimen municipal aragonés b: responsabilidad consiguiente al desempeño de los cargos concejiles / cFranciso Aznar Navarro. aZaragoza : b[s.n.], c1905 (fMariano Escar) a35 p. ; c25 cm. aEn port.: Publicado en la Revista de Aragón. aES-MaACLjT-1065-F-10